| 000 | 004960000a22001930004500 | ||
|---|---|---|---|
| 001 | 003658 | ||
| 003 | MACL | ||
| 005 | 20150703152937.0 | ||
| 008 | 150703b xxu||||| |||| 00| 0 eng d | ||
| 040 |
_aMACL _cmacl |
||
| 041 | _aEnglish | ||
| 082 | _a300/BAS | ||
| 100 |
_aRay, Durga Basu _9488 |
||
| 245 |
_aThe N.B.P. Culture of Eastern India _bVol. 1 _cDurga Basu Ray |
||
| 260 |
_aKolkata _c2005 _bR. N. Bhattacharya |
||
| 350 | _a4500 | ||
| 650 |
_aSocial Science _929 |
||
| 942 |
_k300 _cBK _2ddc |
||
| 999 |
_c15555 _d15555 |
||